000 01165 a2200205 4500
001 47682
005 20260407155743.0
008 260407a1973 arg spa d
003 AR-UNSa-BCEJYS
040 _aAR-UNSa-BCEJYS
_bspa
_cAR-UNSa-BCEJYS
080 _a330
_xEconomía en general
245 1 0 _aEconomía política en el socialismo
264 1 _aBuenos Aires :
_bAmorrortu Editores
_c1973
300 _a176 p.
_c20 cm.
505 _a1. La economía política y la relación entre la economía y la política en el socialismo - 2. Fetichismo de la mercancía y socialismo - 3. Las reformas económicas y su aspecto socioeconómico - 4. Estímulos económicos, progreso técnico y evolución del sistema económico socialista - 5. Cálculo económico, progreso técnico y evolución del sistema económico socialista - 6. Problemas generales de la descentralización en una economía socialista planificada - 7. Las contradicciones y la manera de resolverlas.
942 _cBK
590 _aniveau_biblio:m niveau_hierar:0
100 1 _aBrus, Wlodzimierz
856 4 1 _uhttps://biblioeco.unsa.edu.ar/pmb/images/libros/L127648.jpg
_yImagen de portada
_qimage/jpeg
999 _c4444
_d4444